<?xml version="1.0" encoding="UTF-8"?>
<record
    xmlns:xsi="http://www.w3.org/2001/XMLSchema-instance"
    xsi:schemaLocation="http://www.loc.gov/MARC21/slim http://www.loc.gov/standards/marcxml/schema/MARC21slim.xsd"
    xmlns="http://www.loc.gov/MARC21/slim">

  <leader>01079nam a22002297a 4500</leader>
  <controlfield tag="003">OSt</controlfield>
  <controlfield tag="005">20251211144006.0</controlfield>
  <controlfield tag="008">251211b        |||||||| |||| 00| 0 eng d</controlfield>
  <datafield tag="040" ind1=" " ind2=" ">
    <subfield code="c">DCL</subfield>
  </datafield>
  <datafield tag="082" ind1=" " ind2=" ">
    <subfield code="a">&#x1042;&#x1049;&#x1044;.&#x1043;&#x1046;&#x1043;</subfield>
  </datafield>
  <datafield tag="245" ind1="0" ind2="0">
    <subfield code="a">&#x101D;&#x1004;&#x103A;&#x1049;-&#x101D;&#x1004;&#x103A;&#x101D;&#x1010;&#x1039;&#x1010;&#x102F;&#x104A; </subfield>
    <subfield code="n">(&#x1010;&#x1010;&#x102D;&#x101A;&#x1010;&#x103D;&#x1032;) </subfield>
    <subfield code="b">&#x1012;&#x102B;&#x100C;&#x102C;&#x1013;&#x102C;&#x1010;&#x102F;&#x101D;&#x1004;&#x103A;&#x104A; &#x1014;&#x101C;&#x102C;&#x100B;&#x1013;&#x102C;&#x1010;&#x102F;&#x101D;&#x1004;&#x103A;&#x104A; &#x1017;&#x1031;&#x102C;&#x1013;&#x102D;&#x101D;&#x1004;&#x103A;&#x104A; &#x1012;&#x102E;&#x1015;&#x101D;&#x1004;&#x103A;&#x104A; &#x1006;&#x1000;&#x1031;&#x101E;&#x1013;&#x102C;&#x1010;&#x102F;&#x101D;&#x1004;&#x103A;&#x101D;&#x1010;&#x1039;&#x1011;&#x102F;&#x104B;</subfield>
  </datafield>
  <datafield tag="250" ind1=" " ind2=" ">
    <subfield code="a">&#x1006;&#x100B;&#x1039;&#x100C;&#x1019;&#x1021;&#x1000;&#x103C;&#x102D;&#x1019;&#x103A;&#x104B;</subfield>
  </datafield>
  <datafield tag="264" ind1=" " ind2=" ">
    <subfield code="a">&#x101B;&#x1014;&#x103A;&#x1000;&#x102F;&#x1014;&#x103A; &#x104A;</subfield>
    <subfield code="b">&#x101E;&#x102C;&#x101E;&#x1014;&#x102C;&#x101B;&#x1031;&#x1038;&#x1026;&#x1038;&#x1005;&#x102E;&#x1038;&#x104A;</subfield>
    <subfield code="c">&#x1042;&#x1040;&#x1041;&#x1046;&#x104B;</subfield>
  </datafield>
  <datafield tag="300" ind1=" " ind2=" ">
    <subfield code="a">&#x1049;&#x1048;&#x1047;-&#x1041;&#x1044;&#x1045;&#x1049; &#x1005;&#x102C;&#x1019;&#x103B;&#x1000;&#x103A;&#x1014;&#x103E;&#x102C; &#x104A;</subfield>
    <subfield code="c">&#x1042;&#x1046; &#x1005;&#x1004;&#x103A;&#x1010;&#x102E;&#x104B;</subfield>
  </datafield>
  <datafield tag="650" ind1=" " ind2=" ">
    <subfield code="a">&#x1017;&#x102F;&#x1012;&#x1039;&#x1013;&#x101D;&#x1004;&#x103A;&#x104B;</subfield>
  </datafield>
  <datafield tag="650" ind1=" " ind2=" ">
    <subfield code="a">&#x1012;&#x102B;&#x100C;&#x102C;&#x1013;&#x102C;&#x1010;&#x102F;&#x101D;&#x1004;&#x103A;&#x104B;</subfield>
  </datafield>
  <datafield tag="650" ind1=" " ind2=" ">
    <subfield code="a">&#x1014;&#x101C;&#x102C;&#x100B;&#x1013;&#x102C;&#x1010;&#x102F;&#x101D;&#x1004;&#x103A;&#x104B;</subfield>
  </datafield>
  <datafield tag="650" ind1=" " ind2=" ">
    <subfield code="a">&#x1017;&#x1031;&#x102C;&#x1013;&#x102D;&#x101D;&#x1004;&#x103A;&#x104B;</subfield>
  </datafield>
  <datafield tag="650" ind1=" " ind2=" ">
    <subfield code="a">&#x1012;&#x102E;&#x1015;&#x101D;&#x1004;&#x103A;&#x104B;</subfield>
  </datafield>
  <datafield tag="650" ind1=" " ind2=" ">
    <subfield code="a">&#x1006;&#x1000;&#x1031;&#x101E;&#x1013;&#x102C;&#x1010;&#x102F;&#x101D;&#x1004;&#x103A;&#x101D;&#x1010;&#x1039;&#x1011;&#x102F;&#x104B;</subfield>
  </datafield>
  <datafield tag="942" ind1=" " ind2=" ">
    <subfield code="2">ddc</subfield>
    <subfield code="c">SHORT TERM</subfield>
    <subfield code="n">0</subfield>
  </datafield>
  <datafield tag="952" ind1=" " ind2=" ">
    <subfield code="0">0</subfield>
    <subfield code="1">0</subfield>
    <subfield code="2">ddc</subfield>
    <subfield code="4">0</subfield>
    <subfield code="7">0</subfield>
    <subfield code="8">M</subfield>
    <subfield code="a">DHAM</subfield>
    <subfield code="b">DHAM</subfield>
    <subfield code="c">MMBS</subfield>
    <subfield code="d">2025-12-11</subfield>
    <subfield code="l">0</subfield>
    <subfield code="o">&#x1042;&#x1049;&#x1044;.&#x1043;&#x1046;&#x1043; &#x101D;&#x1004;&#x103A; &#x1042;&#x1040;</subfield>
    <subfield code="p">MB00000020</subfield>
    <subfield code="r">2025-12-11 14:42:02</subfield>
    <subfield code="w">2025-12-11</subfield>
    <subfield code="y">SHORT TERM</subfield>
    <subfield code="A">&#x1042;&#x1040;</subfield>
  </datafield>
  <datafield tag="999" ind1=" " ind2=" ">
    <subfield code="c">2688</subfield>
    <subfield code="d">2688</subfield>
  </datafield>
</record>
